LEADER 01139nam0 2200349 450 001 000027938 005 20101103114343.0 010 $a88-14-15180-6$bv. 1 010 $a88-14-15181-4$bv. 2 010 $a88-14-15182-2$bv. 3 010 $a88-14-15183-0$bv. 4 100 $a20101103d2009----km-y0itay50------ba 101 0 $aita 102 $aIT 105 $ay-------001yy 200 1 $aDiritto processuale civile$fFrancesco P. Luiso 205 $a5. ed. 210 $aMilano$cGiuffrè$d2009 215 $a4 v.$d24 cm 327 1 $a1.: Principi generali$a2.: Il processo di cognizione$a3.: Il processo esecutivo$a4.: I processi speciali 500 10$aDiritto processuale civile$941580 610 1 $aDiritto processuale civile 676 $a347.4505$v21 700 1$aLuiso,$bFrancesco Paolo$0132945 801 0$aIT$bUNIPARTHENOPE$c20101103$gRICA$2UNIMARC 912 $a000027938 951 $aE-0047{I]$b42692$cNAVA3$d2010 951 $aE-0047{II]$b42693$cNAVA3$d2010 951 $aE-0047{III]$b42694$cNAVA3$d2010 951 $aE-0047{IV]$b42695$cNAVA3$d2010 996 $aDiritto processuale civile$941580 997 $aUNIPARTHENOPE LEADER 01289nam0 22003371i 450 001 UON00256504 005 20231205103654.589 100 $a20040726d1957 |0itac50 ba 101 $achi 102 $aHK 105 $a|||| 1|||| 200 1 $aFu yin 210 $aHong Kong$cSi gao shengjing xuehui$d1957 215 $aXII, 1366 p.$d18 cm 312 $ain cinese$9UON00352036 312 $ain cinese$9UON00356877 316 $aGià M. Ripa 73471$5IT-UONSI T.C.B/147 500 0$3UON00352036$aBibbia. Antico Testamento$955281 500 0$3UON00356877$aBibbia. Nuovo Testamento$955284 606 $aRELIGIONE E FILOSOFIA$xCINA$3UONC006917$2FI 620 $aCN$dHong Kong$3UONL000075 686 $aT.C.B$cTesti cinesi - Religione e filosofia$2A 712 02$aSi Gao Shengjing Xue hui$3UONV080562 712 $aSi gao shengjing xuehui$3UONV261520$4650 801 $aIT$bSOL$c20240220$gRICA 899 $aSIBA - SISTEMA BIBLIOTECARIO DI ATENEO$2UONSI 912 $aUON00256504 950 $aSIBA - SISTEMA BIBLIOTECARIO DI ATENEO$dSI T.C. B 147 $eSI SA 111036 5 147 Già M. Ripa 73471 996 $aBibbia. Nuovo Testamento$955284 996 $aBibbia. Antico Testamento$955281 997 $aUNIOR